Score 0/10 Timer 10:00
1 Play Today
supermarket % Correct
tesco
99.3%
asda
95.9%
sainsburys
95.2%
morrisons
91.1%
aldi
83%
waitrose
77.5%
co-op
68.3%
lidl
64.6%
netto
21.4%
mccolls
4.1%
Remove Ads.
Support Sporcle.
Get the best of Sporcle when you Go Orange. This ad-free experience offers more features, more stats, and more fun while also helping to support Sporcle. Thank you for becoming a member.

You're not logged in!

Compare scores with friends on all Sporcle quizzes.
OR
Log In

Show Comments

Extras

Created Nov 27, 2010ReportNominate
Tags:shop, Supermarket

Top Quizzes Today


Score Distribution

Your Account Isn't Verified!

In order to create a playlist on Sporcle, you need to verify the email address you used during registration. Go to your Sporcle Settings to finish the process.

Report this User

Report this user for behavior that violates our Community Guidelines.

Details: